000
00189 a2200097 4500
020
_a
078073568772
041
_a
eng
100
_a
Bermis aamir lee
245
_a
I hate to be sick
942
_c
BK
999
_c
9544
_d
9544